MLB Team Goats - Statistics

General Stats
  • This quiz has been taken 36 times
  • The average score is 21 of 30
Answer Stats
Team Position Name % Correct
Yankees LF Babe Ruth
97%
Diamondbacks P Randy Johnson
90%
Orioles SS Cal Ripken Jr.
84%
Mariners CF Ken Griffey Jr.
84%
Braves RF Hank Aaron
81%
Angels CF Mike Trout
81%
Padres RF Tony Gwynn
81%
Giants CF Willie Mays
81%
Twins/Senators P Walter Johnson
77%
White Sox 1B/DH Frank Thomas
74%
Royals 3B George Brett
74%
Rangers C Ivan Rodriguez
74%
Astros P Nolan Ryan
74%
Athletics LF Rickey Henderson
74%
Pirates RF Roberto Clemente
74%
Dodgers P Sandy Koufax
74%
Reds IF/OF Pete Rose
71%
Red Sox LF Ted Williams
71%
Phillies 3B Mike Schmidt
68%
Brewers SS/CF Robin Yount
68%
Tigers CF Ty Cobb
68%
Cubs SS Ernie Banks
65%
Rockies 1B Todd Helton
65%
Rays 3B Evan Longoria
61%
Mets P Tom Seaver
61%
Marlins OF Giancarlo Stanton
58%
Cardinals OF Stan Musial
58%
Nationals/Expos P Max Scherzer
48%
Blue Jays P Roy Halladay
48%
Guardians/Indians P Bob Feller
39%
No matching quizzes found
Score Distribution
Percent of People with Each Score
Percentile by Number Answered
Your Score History
You have not taken this quiz